An exhortation vnto the gouernours, and people of hir Maiesties countrie of Wales, to labour earnestly, to haue the preaching of the Gospell planted among them : There is in the ende something that was not in the former impression.

Bibliographic Details
Main Author: Penry, John, 1559-1593
Format: eBook
Language:English
Published: [East Molesey, Surrey : Printed by Robert Waldegrave], 1588.
Series:Early English books online.
Subjects:
Online Access:Connect to the full text of this electronic book

MARC

Tag First Indicator Second Indicator Subfields
LEADER 00000nam a2200000 4500
001 in00004211920
005 20200807080702.0
006 m g d
007 cr bn |||a|bb|
008 920206s1588 enk o 00| | eng d
035 |a (UnM)99849611 
037 |a CL0036000010  |b ProQuest. 789 E. Eisenhower Parkway, Ann Arbor, MI 48108-3218 
040 |a Cu-RivES  |c Cu-RivES  |d CStRLIN  |e dcrb  |d WaOLN 
100 1 |a Penry, John,  |d 1559-1593. 
245 1 3 |a An exhortation vnto the gouernours, and people of hir Maiesties countrie of Wales, to labour earnestly, to haue the preaching of the Gospell planted among them :  |b There is in the ende something that was not in the former impression. 
246 2 |a Exhortation unto the governours and people of her Majesties countrie of Wales, to labour earnestly to have the preaching of the Gospell planted among them 
246 2 |a Exhortation unto the governours, and people of hir Majesties countrie of Wales, to labour earnestly, to have the preaching of the Gospell planted among them. 
260 |a [East Molesey, Surrey :  |b Printed by Robert Waldegrave],  |c 1588. 
300 |a 1 online resource ([2], 65, [1] pages) 
336 |a text  |b txt  |2 rdacontent 
337 |a computer  |b c  |2 rdamedia 
338 |a online resource  |b cr  |2 rdacarrier 
500 |a Signed at end: Iohn Penri. 
500 |a Identification of printer from STC; publication place from STC addendum. 
500 |a A reissue, with pages 65-end cancelled by one leaf numbered 65, of STC 19605.5. 
500 |a Reproduction of the original in the Henry E. Huntington Library and Art Gallery. 
510 4 |a STC (2nd edition)  |c 19606. 
533 |a Electronic reproduction.  |b Ann Arbor, Mich. :  |c UMI,  |d 1999-  |f (Early English books online)  |n Digital version of: (Early English books, 1475-1640 ; 331:8)  |7 s1999 miun s 
610 2 0 |a Church of England  |v Controversial literature  |x Puritan authors  |v Early works to 1800. 
651 4 |a Wales  |x Church history  |v Early works to 1800. 
830 0 |a Early English books online. 
856 4 0 |u http://proxy.library.tamu.edu/login?url=https://search.proquest.com/docview/2240923816  |z Connect to the full text of this electronic book  |t 0 
999 f f |s 0bd1a8b8-0d26-3fc9-bba8-995fa9dc034b  |i b3d0aaaf-adad-3706-b8c6-6bbdbbd9fc8e  |t 0 
952 f f |a Texas A&M University  |b College Station  |c Electronic Resources  |d Available Online  |t 0  |h No information provided 
998 f f |t 0  |l Available Online